| 000 -LEADER |
| fixed length control field |
00881cam a2200277 a 4500 |
| 020 ## - INTERNATIONAL STANDARD BOOK NUMBER |
| ISBN |
0134864409 (hard) |
| 020 ## - INTERNATIONAL STANDARD BOOK NUMBER |
| ISBN |
9780134864402 (hard) |
| 020 ## - INTERNATIONAL STANDARD BOOK NUMBER |
| ISBN |
0134864816 (Instructor's ed.) |
| 020 ## - INTERNATIONAL STANDARD BOOK NUMBER |
| ISBN |
9780134864815 (Instructor's ed.) |
| 020 ## - INTERNATIONAL STANDARD BOOK NUMBER |
| ISBN |
0135035821 (pbk) |
| 020 ## - INTERNATIONAL STANDARD BOOK NUMBER |
| ISBN |
9780135035825 (pbk) |
| 040 ## - CATALOGING SOURCE |
| Transcribing agency |
DLC |
| 082 ## - DEWEY DECIMAL CLASSIFICATION NUMBER |
| Classification number |
658 PRE 1993 A051 Or. |
| 100 1# - MAIN ENTRY--AUTHOR NAME |
| Personal name |
Gould, F. J. |
| 245 10 - TITLE STATEMENT |
| Title |
Introductory management science / |
| 250 ## - EDITION STATEMENT |
| Edition statement |
4th ed., annotated instructor's ed. |
| 260 ## - PUBLICATION, DISTRIBUTION, ETC. (IMPRINT) |
| Place of publication |
Englewood Cliffs, N.J. : |
| Name of publisher |
Prentice Hall, |
| Year of publication |
c1993. |
| 300 ## - PHYSICAL DESCRIPTION |
| Number of Pages |
xx, 810, [82] p. : |
| Other physical details |
ill. ; |
| Dimensions |
29 cm. |
| 500 ## - GENERAL NOTE |
| General note |
Diskette (3 3/4 inch) entitled 'LINDO student version' enclosed inside back cover in pocket. |
| 500 ## - GENERAL NOTE |
| General note |
Includes index. |
| 650 #0 - SUBJECT ADDED ENTRY--TOPICAL TERM |
| Topical Term |
Management |
| 650 #0 - SUBJECT ADDED ENTRY--TOPICAL TERM |
| Topical Term |
Management science. |
| 700 1# - ADDED ENTRY--PERSONAL NAME |
| Personal name |
Eppen, Gary D., |
| 700 1# - ADDED ENTRY--PERSONAL NAME |
| Personal name |
Schmidt, C. P. |
| 942 ## - ADDED ENTRY ELEMENTS (KOHA) |
| Koha item type |
សៀវភៅភាសាអង់គ្លេស |
| 952 ## - LOCATION AND ITEM INFORMATION (KOHA) |
| Withdrawn status [LOCAL, KOHA] |
0 |